Countries within 500km of Switzerland - Statistics

General Stats
  • This quiz has been taken 56 times
  • The average score is 15 of 16
Answers on the Map
Answers color-coded by a green-red scale on the quiz's map according to % correct below.
 
Answer Stats
Answer % Correct
Austria
100%
France
100%
Germany
100%
Italy
100%
Luxembourg
100%
Belgium
98%
Liechtenstein
98%
Netherlands
98%
CzechRepublic
96%
Croatia
94%
Slovenia
94%
Bosnia and Herzegovina
92%
Hungary
92%
Monaco
92%
Spain
92%
San Marino
90%
No matching quizzes found
Score Distribution
Percent of People with Each Score
Percentile by Number Answered
Your Score History
You have not taken this quiz